00718nam a2200193 a 450000100100000000500170001000800410002702000150006804000250008310000260010824000150013424501290014926000440027830000210032270000240034370000350036795201050040299900170050700003936020201002031619.0130625s2005 dr 000 0 spa d a9580484856 aDO-SdBNPbspacBNPHU1 aBlanchard, Ken96556210aThe secret13aEl secreto :blo que los grandes líderes saben...! y hacen! /cKen Blanchard, mark Miller; traducción Ángela García. aBogota :bEditorial Grupo Norma,c2005. a158 p. ;c23 cm.1 aMiller, Mark9655631 aGarcía, Ángelaetr.964646 0010718PDaGRbGRcCTd2013-06-25iLF1l0o p39360-10r2020-06-25w2020-06-25yLFPDZNo se presta c38850d38850